| 000 | 00388 a2200157 4500 | ||
|---|---|---|---|
| 001 | 48469 | ||
| 020 | _a9788516091750 | ||
| 040 | _cAnchieta - Bela Vista | ||
| 100 | _aAzevedo, Bel Assunção | ||
| 240 | 1 | 0 |
_aPra cima e pra baixo todo santo ajuda _lpor |
| 245 | 1 | 0 | _aPra cima e pra baixo todo santo ajuda |
| 300 | _a96 | ||
| 362 | 0 | _a2014 | |
| 650 | 4 | _aLiteratura juvenil | |
| 942 | _cBK | ||
| 999 |
_c48469 _d48469 |
||